Sports Quiz

Random Sports or Basketball Quiz

Real or Fake: American Sports Teams Quiz Stats

 Plays Quiz not verified by Sporcle

Support Sporcle.
Go Orange.
Score 0/20 Timer 08:00
0 Plays Today
Question Answer Wrong Answers
Salt Lake City Bees (Baseball) Real
59.9%
Fake
32.3%
Fayetteville Rhions (Football) Fake
58.2%
Real
30.6%
Bangor Blue Ox (Baseball) Real
57.3%
Fake
34.5%
Pensacola Ice Flyers (Hockey) Real
55.6%
Fake
35.8%
Orlando Solar Bears (Hockey) Real
53.4%
Fake
36.6%
Minnesota Fighting Saints (Hockey) Real
53%
Fake
37.9%
Fort Wayne TinCaps (Baseball) Real
52.6%
Fake
38.4%
Santa Barbara Emeralds (Basketball) Fake
52.2%
Real
40.9%
Omaha Jumpers (Basketball) Fake
51.7%
Real
39.7%
Greensboro Rangers (Football) Fake
51.3%
Real
40.9%
Montgomery Mohawks (Football) Fake
50.9%
Real
38.8%
Fresno Fire-Blazers (Basketball) Fake
50.4%
Real
38.8%
Lexington Wolves (Baseball) Fake
46.1%
Real
44%
Rockford Racers (Hockey) Fake
43.5%
Real
46.6%
Minot SkyRockets (Basketball) Real
43.5%
Fake
47%
Tacoma Dragons (Baseball) Fake
41.8%
Real
47.8%
Providence Polar Bears (Hockey) Fake
41.8%
Real
51.3%
Kansas City Tribe (Football) Real
41.4%
Fake
48.7%
Las Vegas Posse (Football) Real
39.7%
Fake
52.2%
Electric City Lions (Basketball) Real
34.5%
Fake
56%

You're not logged in!

Compare scores with friends on all Sporcle quizzes.
OR
Log In

From the Vault

Click Through the Maze

by goc3

This is not a quiz about maize, though it is sort of like a corn maze.
Remove Ads.
Support Sporcle.
Get the best of Sporcle when you Go Orange. This ad-free experience offers more features, more stats, and more fun while also helping to support Sporcle. Thank you for becoming a member.

Show Comments

Extras

Top Quizzes Today


Score Distribution

Your Account Isn't Verified!

In order to create a playlist on Sporcle, you need to verify the email address you used during registration. Go to your Sporcle Settings to finish the process.

Report this User

Report this user for behavior that violates our Community Guidelines.

Details: